000
00208 a2200097 4500
001
11855
100
_a
Warne, J.D.
245
_a
NATO and its prospects
260
_a
_b
William clowes
_c
090
_c
9110
_d
9110
942
_a
NUST-CAE
_c
M
_c
35946
999
_c
246928
_d
246928